00786cam a22002411 4500001001300000003000400013005001700017008004100034010001700075035001900092040005000111042001200161050002800173082001300201100003400214245004600248260004800294300003400342490011500376500002400491650001400515999001500529agr39000331 DLC20260227110957.0800103s1939 dcu b f001 0 eng c aagr39000331  a(OCoLC)5840945 aU. S. Dept. of Agr. LibrarycGVaSdOCoLCdDLC apremarc00aQK1b.U5 vol. 26, pt. 9 a580.74 s1 aMorton, Conrad Vernon,d1905-12aA revision of Besleria,cby C. V. Morton. aWashington,bU.S. Govt. Print. Off.,c1939. av, 395-474, vii-ix p.c25 cm.0 aSmithsonian Institution. U. S. National Museum. Contributions from the U. S. National Herbarium,vv. 26, pt. 9 aIssued May 9, 1939. 0aBesleria. c9946d9946